Amazing bats / (Record no. 9697)

MARC details
000 -LEADER
fixed length control field 00905nam a22002777a 4500
001 - CONTROL NUMBER
control field 9697
003 - CONTROL NUMBER IDENTIFIER
control field FISKH
005 - DATE AND TIME OF LATEST TRANSACTION
control field 20260129163710.0
008 - FIXED-LENGTH DATA ELEMENTS--GENERAL INFORMATION
fixed length control field 260129b cb ||||| |||| 00| 0 eng d
020 ## - INTERNATIONAL STANDARD BOOK NUMBER
International Standard Book Number 9781587172625
040 ## - CATALOGING SOURCE
Original cataloging agency FISKH
Language of cataloging eng
Transcribing agency FISKH
Modifying agency FISKH
050 ## - LIBRARY OF CONGRESS CALL NUMBER
Classification number QL737 .C5 .S55
082 ## - DEWEY DECIMAL CLASSIFICATION NUMBER
Classification number 599.4
100 ## - MAIN ENTRY--PERSONAL NAME
Personal name Simon​ , Seymour
245 ## - TITLE STATEMENT
Title Amazing bats /
Statement of responsibility, etc. By Seymour Simon
260 ## - PUBLICATION, DISTRIBUTION, ETC.
Place of publication, distribution, etc. San Francisco, Calif.,
Name of publisher, distributor, etc. SeaStar Books,
Date of publication, distribution, etc. 2005 .
300 ## - PHYSICAL DESCRIPTION
Extent 33 unnumbered pages :
Other physical details color illustrations ;
Dimensions 23 cm.
490 ## - SERIES STATEMENT
Series statement SeeMore readers
505 ## - FORMATTED CONTENTS NOTE
Formatted contents note N <br/>
520 ## - SUMMARY, ETC.
Summary, etc. Simple text and color photos introduce several different kinds of bats, covering the places they live, things they eat, and how they are beneficial to humans.
521 8# - TARGET AUDIENCE NOTE
Target audience note 590 <br/>
Source Lexile <br/>
521 8# - TARGET AUDIENCE NOTE
Target audience note N <br/>
Source Raz-Plus <br/>
650 ## - SUBJECT ADDED ENTRY--TOPICAL TERM
Topical term or geographic name entry element Bats
Form subdivision Juvenile Literature
942 ## - ADDED ENTRY ELEMENTS (KOHA)
Source of classification or shelving scheme Dewey Decimal Classification
Koha item type Books
Suppress in OPAC No
Holdings
Withdrawn status Lost status Source of classification or shelving scheme Damaged status Not for loan Collection Home library Current library Shelving location Date acquired Total Checkouts Full call number Barcode Date last seen Price effective from Koha item type
    Dewey Decimal Classification     Non-Fiction Footprints International School Library Network Toul Tom Poung Campus Footprints International School Library Network Toul Tom Poung Campus TTP Primary Yellow Bookshelves 01/29/2026   SIM 599.4 QL737 .C5 .S55 FIS03582 01/29/2026 01/29/2026 Books